Name the Oceans! - Statistics

General Stats
  • This quiz has been taken 4,340 times
  • The average score is 4 of 5
Answer Stats
Hint Answer % Correct
Pacific Ocean
94%
Atlantic Ocean
90%
Indian Ocean
84%
Arctic Ocean
58%
Southern Ocean
50%
No matching quizzes found
Score Distribution
Percent of People with Each Score
Percentile by Number Answered
Your Score History
You have not taken this quiz